000 00849nam a2200289Ia 4500
003 OSt
005 20220912150806.0
006 a|||||r|||| 00| 0
007 ta
008 220909b |||||||| |||| 00| 0 eng d
024 _a20978
037 _cTextual
040 _aCSL
_beng
_cCSL
041 _aeng
082 _aB284, M7
100 _aSrivastava Virendra K
245 0 _aSeemingly unrelated regression equations models: Estimation and inference
260 _aNew York
_b Marcel Dekker
_c1987
300 _axii, 374p.
_ccm.
490 _aStatistics : Textbook and monographs; 80
650 _a Least squares
650 _a Regression analysis
650 _aEstimation theory
700 _a Giles David E A
942 _hB284, M7
_cTEXL
_2CC
999 _c55095
_d55095